[Event "Kitale op"]
[Site "Kitale"]
[Date "2023.05.14"]
[Round "4"]
[White "Wanjala, Benard"]
[Black "Ndegwa, Jackson Kamau"]
[Result "0-1"]
[WhiteElo "1673"]
[BlackElo "1852"]
[PlyCount "74"]
[EventDate "2023.05.13"]
[EventType "swiss"]
[EventRounds "6"]
[EventCountry "KEN"]
[SourceTitle "EXT 2024"]
[Source "ChessBase"]
[SourceDate "2023.10.10"]
[SourceVersion "1"]
[SourceVersionDate "2023.10.10"]
[SourceQuality "1"]

1. e4 e5 2. Nf3 d5 3. exd5 e4 4. Bb5+ c6 5. 0-0 cxb5 6. Re1 Nf6 7. Nc3 Be7 8. Nxe4 Nxe4 9. Rxe4 Qxd5 10. Qe2 Be6 11. Re5 Qc4 12. d3 Qc6 13. Nd4 Qd7 14. Nxe6 fxe6 15. Rxe6 Kf7 16. Re4 Re8 17. Bf4 Nc6 18. Re1 Qd5 19. Qf3 Kg8 20. Rxe7 Nxe7 21. Rxe7 Qxf3 22. Rxe8+ Rxe8 23. gxf3 Re2 24. Be3 a6 25. Bd4 Rxc2 26. Bc3 b4 27. Bxb4 Rxb2 28. a3 Rb3 29. d4 Rxf3 30. Kf1 Kf7 31. Ke2 Rh3 32. Bd6 Ke6 33. Bg3 Kd5 34. Ke3 b5 35. Kd3 a5 36. Kc3 h5 37. Kb2 Kxd4 0-1

[Event "KEN Nat Team Selection"]
[Site "Ruaraka"]
[Date "2023.01.28"]
[Round "8"]
[White "Sang, Ricky"]
[Black "Ndegwa, Jackson Kamau"]
[Result "1-0"]
[WhiteElo "1851"]
[BlackElo "1836"]
[PlyCount "101"]
[EventDate "2023.01.20"]
[EventType "tourn"]
[EventRounds "11"]
[EventCountry "KEN"]
[SourceTitle "CBM 213 Extra"]
[Source "ChessBase"]
[SourceDate "2023.05.31"]
[SourceVersion "1"]
[SourceVersionDate "2023.05.31"]
[SourceQuality "1"]

1. d4 c5 2. d5 e6 3. c4 Nf6 4. Nc3 d6 5. e4 exd5 6. exd5 Be7 7. Bd3 Nbd7 8. Nf3 Nf8 9. 0-0 Ng6 10. h3 0-0 11. Be3 Nd7 12. b3 Bf6 13. Rc1 Bxc3 14. Rxc3 Qf6 15. Rc1 Nde5 16. Nxe5 Nxe5 17. Bb1 Bf5 18. Bxf5 Qxf5 19. Bd2 a5 20. Rc3 b6 21. Rg3 Qf6 22. a4 Rfe8 23. Bc3 Qf5 24. f4 Ng6 25. h4 f6 26. h5 Nf8 27. Qg4 Qxg4 28. Rxg4 Kf7 29. Kf2 Re4 30. Re1 Rae8 31. Rxe4 Rxe4 32. Kf3 Re7 33. Rh4 f5 34. g4 fxg4+ 35. Rxg4 g6 36. Rg5 Nd7 37. f5 gxf5 38. Rxf5+ Ke8 39. Rg5 Kf8 40. Kf4 Re2 41. h6 Rf2+ 42. Ke3 Rf7 43. Ke4 Nf6+ 44. Kd3 Ng8 45. Bg7+ Ke7 46. Rg3 Rf5 47. Re3+ Kd7 48. Re6 Ne7 49. Ke4 Rf1 50. Kd3 Ng6 51. Rxg6 1-0

[Event "KEN Nat Team Selection"]
[Site "Ruaraka"]
[Date "2023.01.27"]
[Round "7"]
[White "Ndegwa, Jackson Kamau"]
[Black "Osoro, Samuel Onsongo"]
[Result "1-0"]
[WhiteElo "1836"]
[BlackElo "1487"]
[PlyCount "35"]
[EventDate "2023.01.20"]
[EventType "tourn"]
[EventRounds "11"]
[EventCountry "KEN"]
[SourceTitle "CBM 213 Extra"]
[Source "ChessBase"]
[SourceDate "2023.05.31"]
[SourceVersion "1"]
[SourceVersionDate "2023.05.31"]
[SourceQuality "1"]

1. e4 d6 2. Bc4 Nf6 3. Nc3 g6 4. Nf3 Bg7 5. d3 0-0 6. Bg5 Nbd7 7. Qd2 Re8 8. Bh6 Bh8 9. Bxf7+ Kxf7 10. Ng5+ Kg8 11. Ne6 Ne5 12. Nxd8 Bh3 13. f4 Neg4 14. gxh3 Nxh6 15. Ne6 Rec8 16. e5 Ne8 17. Nd5 Kf7 18. Ng5+ 1-0

[Event "KEN Nat Team Selection"]
[Site "Ruaraka"]
[Date "2023.01.21"]
[Round "2"]
[White "Ndegwa, Jackson Kamau"]
[Black "Likoko, Elvis Wanasunia"]
[Result "0-1"]
[WhiteElo "1836"]
[BlackElo "1784"]
[PlyCount "61"]
[EventDate "2023.01.20"]
[EventType "tourn"]
[EventRounds "11"]
[EventCountry "KEN"]
[SourceTitle "CBM 213 Extra"]
[Source "ChessBase"]
[SourceDate "2023.05.31"]
[SourceVersion "1"]
[SourceVersionDate "2023.05.31"]
[SourceQuality "1"]

1. e4 c5 2. Bc4 e6 3. Nc3 a6 4. d4 cxd4 5. Qxd4 Nc6 6. Qe3 b5 7. Bb3 Qc7 8. Nf3 d6 9. 0-0 Nf6 10. a4 b4 11. Ne2 Be7 12. Bd2 0-0 13. c3 bxc3 14. Bxc3 Rb8 15. Bc2 e5 16. Ng3 Be6 17. Rac1 d5 18. exd5 Nxd5 19. Qd3 f5 20. Qxa6 Nxc3 21. bxc3 e4 22. Nd2 Bg5 23. Qe2 Rfd8 24. Rcd1 Na5 25. Ngxe4 fxe4 26. Qxe4 Qf7 27. Qxh7+ Kf8 28. Ne4 Bh6 29. Nd6 Rxd6 30. Rxd6 Ke7 31. Re1 0-1

[Event "KEN-ch"]
[Site "Nairobi"]
[Date "2022.12.28"]
[Round "5"]
[White "Ndegwa, Jackson Kamau"]
[Black "Methu, Joseph Muraga"]
[Result "1-0"]
[WhiteElo "1809"]
[BlackElo "1945"]
[PlyCount "139"]
[EventDate "2022.12.26"]
[EventType "swiss"]
[EventRounds "9"]
[EventCountry "KEN"]
[SourceTitle "EXT 2024"]
[Source "ChessBase"]
[SourceDate "2023.10.10"]
[SourceVersion "1"]
[SourceVersionDate "2023.10.10"]
[SourceQuality "1"]

1. e4 g6 2. Bc4 e6 3. Nc3 Ne7 4. d3 Bg7 5. Nge2 d5 6. Bb3 a5 7. a3 0-0 8. 0-0 Na6 9. Bg5 c6 10. Qd2 Nc5 11. exd5 Nxb3 12. cxb3 exd5 13. Rfe1 f6 14. Bh6 Bxh6 15. Qxh6 Nf5 16. Qd2 b5 17. d4 Qd6 18. Ng3 Ng7 19. Re3 Bd7 20. Rae1 Rfe8 21. Rxe8+ Bxe8 22. Qe3 Kf7 23. Nce2 Bd7 24. Qd2 Ne6 25. h4 a4 26. b4 Re8 27. h5 Kg7 28. f3 f5 29. hxg6 hxg6 30. Kf2 Rh8 31. Rh1 Rxh1 32. Nxh1 Qh2 33. Nhg3 Qh4 34. Kg1 f4 35. Nh1 Qf6 36. Nf2 g5 37. Ng4 Qf5 38. Kf2 Be8 39. Qc1 Nd8 40. Qc5 Qe6 41. Qb6 Nf7 42. Qb7 Qd6 43. Qa7 Kg6 44. Qa8 Qe7 45. Nc1 Nh6 46. Ne5+ Kg7 47. Qc8 Nf7 48. Ncd3 Nd6 49. Qg4 Bg6 50. Nxf4 Bf5 51. Qg3 Nc4 52. Nxc4 dxc4 53. Ne2 Kf6 54. Nc3 Qe6 55. Qc7 g4 56. Qf4 Kg6 57. Qe5 Qd7 58. Ne4 gxf3 59. gxf3 Bxe4 60. Qxe4+ Kg5 61. Kg3 Qd6+ 62. f4+ Kh6 63. Kg4 Qd7+ 64. f5 Qg7+ 65. Kf3 Kh5 66. Qf4 Qg1 67. f6 Qf1+ 68. Ke4 Qe2+ 69. Kf5 Qd3+ 70. Ke6 1-0

[Event "African Online op"]
[Site "Tornelo INT"]
[Date "2021.02.02"]
[Round "2"]
[White "Mwashe, Philip"]
[Black "Ndegwa, Jackson Kamau"]
[Result "1-0"]
[WhiteElo "1756"]
[BlackElo "2001"]
[PlyCount "105"]
[EventDate "2021.02.01"]
[EventType "swiss (rapid)"]
[EventRounds "9"]
[EventCountry "NET"]
[SourceTitle "CBM 200 Extra"]
[Source "ChessBase"]
[SourceDate "2021.03.31"]
[SourceVersion "1"]
[SourceVersionDate "2021.03.31"]
[SourceQuality "1"]

1. e4 d5 2. exd5 Nf6 3. d4 Nxd5 4. c4 Nb6 5. Nf3 Bg4 6. c5 Nd5 7. Qb3 Bxf3 8. Qxf3 Nc6 9. Be3 Ndb4 10. Na3 e6 11. Rd1 Be7 12. Bc4 0-0 13. 0-0 Bf6 14. Bb3 Qe7 15. Nc4 Rad8 16. a3 Nd5 17. Bc2 g6 18. Rd3 e5 19. dxe5 Nxe5 20. Nxe5 Qxe5 21. Bd4 Qe6 22. Bb3 Bxd4 23. Rxd4 c6 24. Rfd1 Rfe8 25. h3 Qe2 26. Bxd5 cxd5 27. Qxe2 Rxe2 28. b4 Re5 29. R1d3 Kf8 30. f4 Re1+ 31. Kf2 Ra1 32. b5 Ke7 33. Ra4 Rc1 34. Rxa7 Rxc5 35. Rxb7+ Kd6 36. a4 Ra8 37. Ra3 Ra5 38. Ke3 Rc4 39. Rxf7 Raxa4 40. Rxa4 Rxa4 41. b6 Kc5 42. b7 Ra3+ 43. Kd2 Rb3 44. Rxh7 Kd4 45. Kc2 Rb6 46. Re7 Rc6+ 47. Kd2 Rb6 48. g4 Rb2+ 49. Kc1 Rb6 50. f5 gxf5 51. gxf5 Kd3 52. f6 Rc6+ 53. Kb2 1-0

[Event "Online Olym Div4 A"]
[Site "Chess.com INT"]
[Date "2020.08.02"]
[Round "9.3"]
[White "Ndegwa, Jackson Kamau"]
[Black "Nay, Oo Kyaw Tun"]
[Result "0-1"]
[WhiteElo "2001"]
[BlackElo "2385"]
[PlyCount "96"]
[EventDate "2020.07.31"]
[EventType "team-tourn (rapid)"]
[EventRounds "9"]
[EventCountry "USA"]
[SourceTitle "CBM 198"]
[Source "ChessBase"]
[SourceDate "2020.10.31"]
[SourceVersion "1"]
[SourceVersionDate "2020.10.31"]
[SourceQuality "1"]
[WhiteTeam "Kenya"]
[BlackTeam "Myanmar"]
[WhiteTeamCountry "KEN"]
[BlackTeamCountry "MYA"]

1. e4 e6 2. d4 d5 3. exd5 exd5 4. Bd3 Nc6 5. c3 Bd6 6. Nf3 Nge7 7. 0-0 0-0 8. Bg5 f6 9. Bh4 Bf5 10. Re1 Qd7 11. Bg3 Rfe8 12. Qc2 Bxd3 13. Qxd3 Nf5 14. Nbd2 a6 15. Nf1 g6 16. Bxd6 Qxd6 17. Ne3 Nxe3 18. Rxe3 Qd7 19. Rae1 Kf7 20. Qd2 Rxe3 21. Rxe3 Re8 22. Kf1 Rxe3 23. Qxe3 Ne7 24. Qh6 Qb5+ 25. Ke1 Qxb2 26. Qxh7+ Ke6 27. Qh3+ Kd6 28. Qg3+ Kc6 29. Nd2 Qxa2 30. Qe3 Nf5 31. Qe6+ Nd6 32. Qxf6 Qc2 33. c4 dxc4 34. Nf3 Qe4+ 35. Kd1 Qd3+ 36. Ke1 Kb6 37. Qg5 Ka7 38. Qc5+ Kb8 39. Ne5 Qb1+ 40. Ke2 Qc2+ 41. Ke1 Qc1+ 42. Ke2 c3 43. Nd7+ Kc8 44. Nb6+ Kd8 45. Nd5 Qd2+ 46. Kf3 Qd3+ 47. Kf4 Qf5+ 48. Kg3 Ne4+ 0-1

[Event "All Africa Games Kenya qual fin"]
[Site "Nairobi"]
[Date "2019.03.01"]
[Round "2.3"]
[White "Singe, Phillip Mbawala"]
[Black "Ndegwa, Jackson Kamau"]
[Result "0-1"]
[WhiteElo "1907"]
[BlackElo "1975"]
[PlyCount "79"]
[EventDate "2019.03.01"]
[EventType "swiss"]
[EventRounds "11"]
[EventCountry "KEN"]
[SourceTitle "EXT 2024"]
[Source "ChessBase"]
[SourceDate "2023.10.10"]
[SourceVersion "1"]
[SourceVersionDate "2023.10.10"]
[SourceQuality "1"]

1. e4 d5 2. exd5 Nf6 3. Nf3 Nxd5 4. d4 Bg4 5. Be2 e6 6. Ne5 Bxe2 7. Qxe2 Nd7 8. 0-0 Bd6 9. Nc4 Qh4 10. Nxd6+ cxd6 11. c3 0-0 12. Nd2 N5f6 13. h3 d5 14. Re1 a6 15. Nf3 Qh5 16. Ne5 Qxe2 17. Rxe2 Nxe5 18. Rxe5 Rfc8 19. f3 a5 20. Re2 b5 21. Bg5 b4 22. Bxf6 gxf6 23. Rc1 Rc4 24. Kf2 Rac8 25. Rec2 e5 26. dxe5 fxe5 27. Ke3 bxc3 28. bxc3 Kg7 29. Kd3 f5 30. Rb1 e4+ 31. fxe4 fxe4+ 32. Kd2 d4 33. Rcc1 Rxc3 34. Rxc3 Rxc3 35. Rb5 Rg3 36. Rxa5 Rxg2+ 37. Ke1 Kf6 38. a4 d3 39. Rd5 Ke6 40. Rd8 0-1

[Event "All Africa Games Kenya qual"]
[Site "Nairobi"]
[Date "2019.02.02"]
[Round "4.5"]
[White "Isaac, Mukoko"]
[Black "Ndegwa, Jackson Kamau"]
[Result "0-1"]
[WhiteElo "1816"]
[BlackElo "1965"]
[PlyCount "62"]
[EventDate "2019.02.01"]
[EventType "swiss"]
[EventRounds "6"]
[EventCountry "KEN"]
[SourceTitle "EXT 2024"]
[Source "ChessBase"]
[SourceDate "2023.10.10"]
[SourceVersion "1"]
[SourceVersionDate "2023.10.10"]
[SourceQuality "1"]

1. e4 e5 2. Nf3 Nc6 3. Bb5 a6 4. Ba4 Nf6 5. 0-0 b5 6. Bb3 Be7 7. d4 Nxe4 8. Nxe5 Nxe5 9. dxe5 Bb7 10. Qg4 Kf8 11. a4 Nc5 12. Nc3 h5 13. Qf5 Nxb3 14. cxb3 b4 15. Ne2 g6 16. Qc2 d6 17. e6 f5 18. Be3 Bf6 19. Bd4 c5 20. Bxf6 Qxf6 21. Rfe1 Qg5 22. e7+ Kf7 23. f3 Bxf3 24. Ng3 h4 25. Nf1 Be4 26. Rxe4 fxe4 27. Qxe4 Qe5 28. Re1 Qxe4 29. Rxe4 Rae8 30. Ne3 Rh5 31. Ng4 Rf5 0-1